000 00916cab a2200265 4500
001 ABS59715
008 090401t1998 xxu||||| |||| 00| 0 eng d
035 _a(Sirsi) u89913
041 _aeng
100 _aCapner, G.
245 _aIgnoring the facts
260 _c1998
350 _a0
490 _aPlanning (for the Natural and Built Environment)
_v(1295) 20 November 1998, 16(1)
520 _aConsiders the problem of housing provision in the context of regional strategy, commenting on the document "County Areas Preferred Levels of Housing Provision", and the Government White Paper "Planning for the Communities of the Future".
650 _aHOUSEHOLD GROWTH
650 _aHOUSING PROVISION
650 _aPLANNING
650 _aPLANNING POLICY GUIDANCE NOTE 13
650 _aSERPLAN
650 _aSTRUCTURE PLANS
690 _aPLANNING LAW AND PRACTICE
942 _n0
948 _c25/11/1998
999 _c56928
_d56928